000 00439cam a2200145 4500500
005 20260322004239.0
041 _afre
042 _adc
100 1 0 _aEvrard, Pierre
_eauthor
245 0 0 _aOù se cache l’hystérie disparue ?
260 _c2009.
500 _a1
786 0 _nPsy Cause | 53 | 1 | 2009-01-05 | p. 40-41 | 1245-2394
856 4 1 _uhttps://shs.cairn.info/revue-psy-cause-2009-1-page-40?lang=fr&redirect-ssocas=7080
999 _c1738752
_d1738752